000
00317nam a2200109Ia 4500
008
200302s9999 xx 000 0 und d
100
_a
Grant W Reid
245
_a
Landscape Graphics- Plan,Section,And perspective Drawing of Landscape Spaces
260
_b
Whitney Library Of Design
260
_c
2002
300
_a
208 P.,
999
_c
4370
_d
4370